书目信息 |
| 题名: |
基于3S技术数字化地质填图新方法
|
|
| 作者: | 张桂林 , 冯佐海 , 文鸿雁 , 张桂林 编著 | |
| 分册: | ||
| 出版信息: | 北京 国防工业出版社 2005.04 |
|
| 页数: | Ⅷ, 172页 | |
| 开本: | 26cm | |
| 丛书名: | 21世纪高等院校优秀教材 | |
| 单 册: | ||
| 中图分类: | P285.1-39 | |
| 科图分类: | ||
| 主题词: | 数字化制图--地质填图--高等学校--教材 | |
| 电子资源: | ||
| ISBN: | 7-118-03785-0 | |
| 000 | 01354nam 2200325 450 | |
| 001 | 010264987937 | |
| 005 | 20050926091840.75 | |
| 010 | @a7-118-03785-0@dCNY20.00 | |
| 100 | @a20050718d2005 km y0chiy0120 ea | |
| 101 | 0 | @achi |
| 102 | @aCN@b110000 | |
| 105 | @aab a 000yy | |
| 200 | 1 | @a基于3S技术数字化地质填图新方法@Aji yu 3S ji shu shu zi hua di zhi tian tu xin fang fa@d= 3S-Based New Technology For Digital Geological Mapping@f张桂林等编著@Fzhang gui lin deng bian zhu@zeng |
| 210 | @a北京@c国防工业出版社@d2005.04 | |
| 215 | @aⅧ, 172页@c图, 地图@d26cm | |
| 225 | 2 | @a21世纪高等院校优秀教材 |
| 304 | @a责任者还包括:冯佐海,文鸿雁,何卫军,欧阳成甫。 | |
| 320 | @a有书目 (第171-172页)。 | |
| 330 | @a本书主要介绍了应用地理信息系统、全球定位系统和遥感三者三者相结合的3S技术,实现从野外地质属性数据采集处理至计算机辅助地质图编制全过程的数字化。 | |
| 333 | @a区域地质填图和地质找矿科研和生产部门人员 | |
| 410 | 0 | @12001 @a21世纪高等院校优秀教材 |
| 510 | 1 | @a3S-Based New Technology For Digital Geological Mapping@zeng |
| 606 | 0 | @a数字化制图@x地质填图@x高等学校@x教材 |
| 690 | @aP285.1-39@v4 | |
| 701 | 0 | @a张桂林@Azhang gui lin@4编著 |
| 701 | 0 | @a冯佐海@Afeng zuo hai@4编著 |
| 701 | 0 | @a文鸿雁@Awen hong yan@4编著 |
| 701 | 0 | @a张桂林@Azhang gui lin@4编著 |
| 801 | 0 | @aCN@bQSSK@c20050926 |
| 905 | @a10447@dP285.1-39@eZ103 | |
| 基于3S技术数字化地质填图新方法= 3S-Based New Technology For Digital Geological Mapping/张桂林等编著.-北京:国防工业出版社,2005.04 |
| Ⅷ, 172页:图, 地图;26cm.-(21世纪高等院校优秀教材) |
| 使用对象:区域地质填图和地质找矿科研和生产部门人员 |
| ISBN 7-118-03785-0:CNY20.00 |
| 本书主要介绍了应用地理信息系统、全球定位系统和遥感三者三者相结合的3S技术,实现从野外地质属性数据采集处理至计算机辅助地质图编制全过程的数字化。 |
| ● |
| 相关链接 |
|
|
|
正题名:基于3S技术数字化地质填图新方法
索取号:P285.1-39/Z103
 
预约/预借
| 序号 | 登录号 | 条形码 | 馆藏地/架位号 | 状态 | 备注 |
| 1 | 527504 | 205275049 | 社科二线400B/400B社科库 2排2列6层/ [索取号:P285.1-39/Z103] | 在馆 | |
| 2 | 527505 | 205275058 | 自科库401/401自科库 125排2列4层/ [索取号:P285.1-39/Z103] | 在馆 | |
| 3 | 527506 | 205275067 | 社科二线400B/400B社科库 2排2列6层/ [索取号:P285.1-39/Z103] | 在馆 |